000 00744nam a2200217Ii 4500
003 JO-AjNU
008 230605s9999||||xx |||||||||||||| ||und||
017 _a1974/3396
040 _aJO-AjNU
_bara
_erda
_cJO-AjNU
041 _aara
050 1 4 _aLB1620.R85 1974
100 3 _aلبيب،رشدي,
_eauthor
_934577
245 0 0 _aالتغيير في الميول العلمية بين جيلين من التلاميذ
264 3 1 _aالقاهرة:مكتبة الأنجلو المصرية،1974
300 _a146ص
336 _atext
_btxt
_2rdacontent
337 _aunmediated
_bn
_2rdamedia
338 _avolume
_bnc
_2rdacarrier
490 0 _aبحوث في تدريس العلوم 2
650 4 _aعلم النفس التربوي
_934578
999 _aA14192
_c17760
_d17760